| 000 | 00545nam a22001937a 4500 | ||
|---|---|---|---|
| 942 | _cBK | ||
| 999 |
_c776 _d776 |
||
| 005 | 20250420134824.0 | ||
| 008 | 211117b ||||| |||| 00| 0 eng d | ||
| 020 | _a9780262036870 | ||
| 040 | _cKCST | ||
| 082 |
_a658.4038 _bDa Kn |
||
| 100 |
_aDalkir, Kimiz _95589 |
||
| 245 |
_aKnowledge management in theory and practice / _cKimiz Dalkir |
||
| 250 | _a3 | ||
| 260 |
_aCambridge (Massachusetts) : _bMassachusetts Institute of Technology, _c2017. |
||
| 300 | _a534 p. | ||
| 650 |
_aKnowledge management. _95590 |
||
| 942 | _2ddc | ||